Clubes de Futebol do Rio Grande do Sul - Statistics

Estatísticas Gerais
  • Esse quiz foi jogado 71 vezes
  • A pontuação média é 24 de 36
Estatísticas das Respostas
Cidade Resposta % Correto
Porto Alegre Grêmio
100%
Porto Alegre Internacional
100%
Caxias do Sul Juventude
100%
Caxias do Sul Caxias
98%
Novo Hamburgo Novo Hamburgo
96%
Pelotas Brasil de Pelotas
95%
Pelotas Pelotas
93%
Santa Maria Internacional-SM
86%
Rio Grande Rio Grande
86%
Erechim Ypiranga
86%
Santa Cruz do Sul Santa Cruz
84%
Ijuí São Luiz
84%
Porto Alegre São José
82%
Bagé Guarany
81%
Veranópolis Veranópolis
81%
Santa Cruz do Sul Avenida
79%
Bagé Bagé
74%
Passo Fundo Passo Fundo
72%
Capão da Canoa Monsoon
70%
Lajeado Lajeadense
68%
São Gabriel São Gabriel
67%
Rio Grande São Paulo
67%
São Leopoldo Aimoré
58%
Passo Fundo Gaúcho
56%
Vacaria Glória
56%
Gramado Gramadense
56%
Bento Gonçalves Esportivo
53%
Nova Prata Nova Prata
51%
Frederico Westphalen União Frederiquense
46%
Venâncio Aires Guarani
40%
Farroupilha Brasil de Farroupilha
35%
Rio Grande Riograndense
33%
Caxias do Sul APAFUT
19%
Tramandaí Real
18%
Carazinho 1992
12%
Esteio Novo Horizonte
12%
Nenhum quiz correspondente encontrado
Distribuição das Pontuações
Porcentagem de Pessoas com Cada Pontuação
Percentil de Números Respondidos
Sua Pontuação Histórica
Você não jogou esse quiz